Parcours France EURO 2016 - Statistiques

Statistiques générales
  • Ce quiz a été pris 178 fois
  • Le résultat moyen est 19 sur 21
Statistiques - réponses
Match Réponse % Correct
Demi Finale Allemagne
99%
Finale Portugal
99%
Score Match 1 X/Y 2/1
95%
Score Match 4 X/Y 2/1
95%
Quart de finale Islande
95%
Score Match 2 X/Y 2/0
93%
1er tour Suisse
92%
Score Match 7 X/Y 1/0
91%
Lieu Match 2 Marseille
90%
Lieu Match 6 Marseille
90%
Lieu Match 1 Paris
90%
Lieu Match 5 Paris
90%
Lieu Match 7 Paris
90%
1er tour Roumanie
90%
8emes de finale Irlande
88%
1er tour Albanie
86%
Lieu Match 3 Lille
86%
Lieu Match 4 Lyon
84%
Score Match 3 X/Y 0/0
82%
Score Match 5 X/Y 5/2
82%
Score Match 6 X/Y 0/2
71%
Aucun quiz correspondant
Distribution des résultats
% des personnes avec chaque résultat
Percentile par nombre de réponses
Votre historique - résultats
Vous n’avez pas pris ce quiz